000
00240nam a22000857a 4500
008
170112b xxu||||| |||| 00| 0 eng d
100
_9
2348
_a
Malik.S
245
_a
Green Tree: Environmental Studies-2
260
_a
New Delhi
_b
Orient Publication
_c
2007
999
_c
5294
_d
5294